| 000 | 00952nas a22002537a 4500 | ||
|---|---|---|---|
| 005 | 20240305165409.0 | ||
| 007 | cr|||| |||| | ||
| 008 | 130326e2009 spa|||||s|||| 00||0 spa d | ||
| 020 | _a978-84-7658-930-4 | ||
| 035 | _a9500 | ||
| 040 | _avLex | ||
| 090 |
_c4033 _d4033 |
||
| 245 | 0 | 3 |
_aLa violencia política _bUn análisis criminológico _h[Recurso electrónico] |
| 256 | _aServicio en línea | ||
| 260 |
_aBarcelona : _bEditorial Anthropos, _c2009 |
||
| 300 | _a1 Recurso electrónico | ||
| 506 |
_dvLex Global _dvLex Global (Academic Edition, excluding Law Schools) _dvLex Global (U.S. Academic Edition, Law Schools) _dvLex Global (U.S. Academic Edition, excluding Law Schools) _dvLex Global (Academic Edition, Law Schools) |
||
| 650 | 0 | 4 | _aCriminología |
| 650 | 0 | 4 | _aViolencia |
| 650 | 0 | 4 | _aSociología |
| 740 | _avLex Libros (Servicio en línea) | ||
| 856 |
_aAcceso restringido _uhttp://www.vlex.com/source/9500 |
||
| 942 | _cRAA | ||
| 999 |
_c162404 _d162404 |
||